000 00766nam a2200193Ii 4500
003 JO-AjNU
008 230606s9999||||xx |||||||||||||| ||und||
040 _aJO-AjNU
_beng
_erda
_cJO-AjNU
041 _aeng
050 1 4 _aPR4034.2017
100 3 _aPreparation AL Zeubi,Tamadour, Fahad Abdullah Hasan؛ supervisor Mahmoud AL-Sobh, Co Supervisor Raed Qassas,
_eauthor
_95796
245 0 0 _aClass Conflict in Jane Austen،s Pride and P Rejudice: A Feminist Reading
264 3 1 _aAjIoun: AjIoun National University, 2017
300 _a17p
_b Graduation project, AjIoun National University, 2017
336 _atext
_btxt
_2rdacontent
337 _aunmediated
_bn
_2rdamedia
338 _avolume
_bnc
_2rdacarrier
650 4 _aJane Austen،s Pride and P Rejudice
_95797
999 _aE3006
_c3004
_d3004